|
|
|
|
| LEADER |
02351cam a2200601 a 4500 |
| 001 |
nkc20081805527 |
| 003 |
CZ PrNK |
| 005 |
20110112110745.0 |
| 007 |
ta |
| 008 |
080522s2008 xr a a 000 0 cze d |
| 015 |
|
|
|a cnb001805527
|
| 020 |
|
|
|a 978-80-7367-395-6
|q (brož.)
|
| 035 |
|
|
|a (OCoLC)259736810
|
| 040 |
|
|
|a ABA001
|b cze
|d BOA001
|
| 072 |
|
7 |
|a 373.2/.3
|x Předškolní a primární výchova a vzdělávání
|2 Konspekt
|9 22
|
| 072 |
|
7 |
|a 0/9-053.2
|x Literatura pro děti a mládež (naučná)
|2 Konspekt
|9 26
|
| 080 |
|
|
|a 316.346.32-053.4
|2 MRF
|
| 080 |
|
|
|a 316.346.32-053.5
|2 MRF
|
| 080 |
|
|
|a 37.016:511-028.31
|2 MRF
|
| 080 |
|
|
|a 81'373
|2 MRF
|
| 080 |
|
|
|a 159.955.6
|2 MRF
|
| 080 |
|
|
|a 159.946.4
|2 MRF
|
| 080 |
|
|
|a (0.053.2)
|2 MRF
|
| 080 |
|
|
|a (076.1)
|2 MRF
|
| 100 |
1 |
|
|a Málková, Magda
|7 mzk2008458853
|4 aut
|
| 245 |
1 |
0 |
|a Hrátky s písmenky, čísly a obrázky :
|b zábavné počty, rozšiřování slovní zásoby, trénink logického myšlení, rozvoj grafomotoriky /
|c Magda Málková, Michal Chleboun ; ilustrace Eva Rémišová
|
| 250 |
|
|
|a Vyd. 1.
|
| 260 |
|
|
|a Praha :
|b Portál,
|c 2008
|
| 300 |
|
|
|a [46] s. :
|b barev. il. ;
|c 30 cm
|
| 650 |
0 |
7 |
|a děti předškolního věku
|7 ph119710
|2 czenas
|
| 650 |
0 |
7 |
|a děti školního věku
|7 ph119714
|2 czenas
|
| 650 |
0 |
7 |
|a počítání
|7 ph124522
|2 czenas
|
| 650 |
0 |
7 |
|a slovní zásoba
|7 ph166083
|2 czenas
|
| 650 |
0 |
7 |
|a logické myšlení
|7 ph122427
|2 czenas
|
| 650 |
0 |
7 |
|a grafomotorika
|7 ph120600
|2 czenas
|
| 650 |
0 |
9 |
|a preschool children
|2 eczenas
|
| 650 |
0 |
9 |
|a school children
|2 eczenas
|
| 650 |
0 |
9 |
|a counting
|2 eczenas
|
| 650 |
0 |
9 |
|a vocabulary
|2 eczenas
|
| 650 |
0 |
9 |
|a logical thinking
|2 eczenas
|
| 650 |
0 |
9 |
|a graphomotorics
|2 eczenas
|
| 655 |
|
7 |
|a publikace pro děti
|7 fd133156
|2 czenas
|
| 655 |
|
7 |
|a pracovní sešity
|7 fd133116
|2 czenas
|
| 655 |
|
9 |
|a children's literature
|2 eczenas
|
| 655 |
|
9 |
|a activity books
|2 eczenas
|
| 700 |
1 |
|
|a Chleboun, Michal
|7 mzk2008458854
|4 aut
|
| 700 |
1 |
|
|a Rémišová, Eva,
|d 1983-
|7 mzk2006323932
|4 ill
|
| 856 |
4 |
1 |
|u http://www.digitalniknihovna.cz/mzk/uuid/uuid:342e71d0-9e76-11ea-b6e0-005056827e51
|y Digitalizovaný dokument
|x NDK
|
| 910 |
2 |
|
|a BOA001
|b 3-1207.534
|
| 990 |
|
|
|a BK
|
| 995 |
|
|
|a 01
|
| 991 |
|
|
|b 200807
|c NOV
|
| 996 |
6 |
|
|b 2610346826
|c 3-1207.534
|l MZK
|r Sklad / do 1 hodiny
|n 10
|p p.v.
|w 000901821
|u 000010
|a 1
|e BOA001
|j MZK50
|s P
|